书目信息 |
| 题名: |
军事图书资料分类法
|
|
| 作者: | 杨健 编 | |
| 分册: | ||
| 出版信息: | 北京 军事科学出版社 1986 |
|
| 页数: | 247页 | |
| 开本: | 26cm | |
| 丛书名: | ||
| 单 册: | ||
| 中图分类: | G254.12 | |
| 科图分类: | ||
| 主题词: | 分类表-军事 , 军事-分类表 , 图书馆学 , 图书馆事业 | |
| 电子资源: | ||
| ISBN: | ||
| 000 | 00712nam0 2200277 45 | |
| 001 | 0186018711 | |
| 005 | 20040425154606.8 | |
| 010 | @dCNY6.90@b精装 | |
| 091 | @a7291.001 | |
| 100 | @a19900726d1986 emky0chiy0121 ea | |
| 101 | 0 | @achi |
| 102 | @aCN@b110000 | |
| 105 | @ay z 000yy | |
| 106 | @ar | |
| 200 | 10 | @a军事图书资料分类法@Ajun shi tu shu zi liao fen lei fa@f杨健编 |
| 210 | @a北京@c军事科学出版社@d1986 | |
| 215 | @a247页@d26cm | |
| 606 | @a分类表-军事 | |
| 606 | @a军事-分类表 | |
| 606 | 0 | @a图书馆学 |
| 606 | 0 | @a图书馆事业 |
| 690 | @aG254.12 | |
| 701 | 0 | @a杨健@Ayang jian@4编 |
| 801 | 0 | @aCN@b深圳图书馆@c20040425 |
| 801 | 2 | @aCN@bNLC@c20040425 |
| 905 | @f1@b210753@dG254.12@e37 | |
| 军事图书资料分类法/杨健编.-北京:军事科学出版社,1986 |
| 247页;26cm |
| ISBN (精装):CNY6.90 |
| ● |
| 相关链接 |
|
|
|
|
正题名:军事图书资料分类法
索取号:G254.12/37
 
预约/预借
| 序号 | 登录号 | 条形码 | 馆藏地/架位号 | 状态 | 备注 |
| 1 | 0210753 | 000503529 | 密集书库/ [索取号:G254.12/37] | 在馆 | |
| 2 | 0210754 | 000502575 | 第一样本阅览室/ [索取号:G254.12/37] | 在馆 |